Governing Africa's forests in a globalized world / (Record no. 1413)

MARC details
000 -LEADER
fixed length control field 01310nam a22003737a 4500
001 - CONTROL NUMBER
control field 15669479
005 - DATE AND TIME OF LATEST TRANSACTION
control field 20241031062315.0
008 - FIXED-LENGTH DATA ELEMENTS--GENERAL INFORMATION
fixed length control field 241031b |||||||| |||| 00| 0 eng d
010 ## - LIBRARY OF CONGRESS CONTROL NUMBER
LC control number 2009010565
015 ## - NATIONAL BIBLIOGRAPHY NUMBER
National bibliography number GBA971950
Source bnb
016 7# - NATIONAL BIBLIOGRAPHIC AGENCY CONTROL NUMBER
Record control number 015332126
Source Uk
020 ## - INTERNATIONAL STANDARD BOOK NUMBER
International Standard Book Number 9781844077564 (hardback)
020 ## - INTERNATIONAL STANDARD BOOK NUMBER
International Standard Book Number 184407756X (hardback)
035 ## - SYSTEM CONTROL NUMBER
System control number (OCoLC)ocn317361692
040 ## - CATALOGING SOURCE
Original cataloging agency DLC
Transcribing agency KMU
Modifying agency KMU
Description conventions rda
043 ## - GEOGRAPHIC AREA CODE
Geographic area code f------
050 00 - LIBRARY OF CONGRESS CALL NUMBER
Classification number SD 659
Item number .G58 2009
070 0# - NATIONAL AGRICULTURAL LIBRARY CALL NUMBER
Classification number GB 2405
Item number .P55
245 00 - TITLE STATEMENT
Title Governing Africa's forests in a globalized world /
Statement of responsibility, etc. edited by Laura A. German, Alain Karsenty and Anne-Marie Tiani.
260 ## - PUBLICATION, DISTRIBUTION, ETC.
Place of publication, distribution, etc. London ;
-- Sterling, VA :
Name of publisher, distributor, etc. Earthscan,
Date of publication, distribution, etc. 2010.
300 ## - PHYSICAL DESCRIPTION
Extent xxix, 413 p. :
Other physical details ill., maps ;
Dimensions 25 cm.
440 #4 - SERIES STATEMENT/ADDED ENTRY--TITLE
Title The Earthscan forestry library
504 ## - BIBLIOGRAPHY, ETC. NOTE
Bibliography, etc. note Includes bibliographical references and index.
650 #0 - SUBJECT ADDED ENTRY--TOPICAL TERM
Topical term or geographic name entry element Forest policy
Geographic subdivision Africa.
650 #0 - SUBJECT ADDED ENTRY--TOPICAL TERM
Topical term or geographic name entry element Forest management
Geographic subdivision Africa.
650 #0 - SUBJECT ADDED ENTRY--TOPICAL TERM
Topical term or geographic name entry element Decentralization in government
Geographic subdivision Africa.
650 #0 - SUBJECT ADDED ENTRY--TOPICAL TERM
Topical term or geographic name entry element Globalization
Geographic subdivision Africa.
700 1# - ADDED ENTRY--PERSONAL NAME
Personal name German, Laura A.
700 1# - ADDED ENTRY--PERSONAL NAME
Personal name Karsenty, Alain.
700 1# - ADDED ENTRY--PERSONAL NAME
Personal name Tiani, Anne-Marie.
906 ## - LOCAL DATA ELEMENT F, LDF (RLIN)
a 7
b cbc
c orignew
d 1
e ecip
f 20
g y-gencatlg
942 ## - ADDED ENTRY ELEMENTS (KOHA)
Source of classification or shelving scheme Library of Congress Classification
Koha item type Non-Fiction
Suppress in OPAC No
Holdings
Withdrawn status Lost status Source of classification or shelving scheme Damaged status Not for loan Collection Home library Current library Shelving location Date acquired Source of acquisition Total Checkouts Full call number Barcode Date last seen Price effective from Koha item type
    Library of Congress Classification     Non-fiction Kapasa Makasa University Kapasa Makasa University Open Access 31.10.2024 Donation   GB 2405.P55 300879 31.10.2024 31.10.2024 Non-Fiction